| 000 | 00832nam a2200265Ia 4500 | ||
|---|---|---|---|
| 003 | GCL | ||
| 008 | 140319s9999 xx 000 0 ara d | ||
| 020 | _a4412219977 | ||
| 040 |
_aGCL / _cGCL |
||
| 082 | 0 | 4 |
_a398.352 _bا م |
| 100 | 1 | _aثروت عكاشة | |
| 245 | 1 | 0 |
_aمسخ الكائنات: ميتامورفوس / _cثروت عكاشة |
| 700 | 1 | _aاوفيد | |
| 250 | _aالرابعة | ||
| 260 |
_aالقاهرة : _bالهيئة المصرية العامة للكتاب ، _c1997 |
||
| 300 |
_a655 ص ؛ _c31 سم |
||
| 650 | 0 | 4 | _aالفولكلور |
| 650 | 0 | 4 | _aالاساطير القديمة |
| 650 | 0 | 4 | _aالفن والاساطير |
| 650 | 0 | 4 | _aالاساطير |
| 650 | 0 | 4 | _aالالهة |
| 650 | 0 | 4 | _aالاساطير اليونانية |
| 650 | 0 | 4 | _aفوارق الطبيعة |
| 942 |
_2ddc _cBK |
||
| 999 |
_c29936 _d29936 |
||